000 00731cab a22001935a 4500
001 L152022
008 110125e20110120xxk 000 0 eng d
035 _a(Sirsi) u152022
041 0 _aeng
100 1 _aBoley, James
245 0 0 _aSpecial report
_bsite safety, drugs at work
260 _c2011
490 _aConstruction News
_v(7201) 20 January 2011, 28(1)
520 _aStaff taking illegal drugs at weekends can still pose a safety threat during the working week; there are no legal requirements to test for drugs in the construction industry; contractors need to make sure their drugs and alcohol policy is up to date.
590 _aKA
651 4 _aUnited Kingdom
_y
690 _aHealth and safety
_96244
942 _n0
999 _c82880
_d82880